Fauna inventory in school forest of royal university of agriculture and mother tree area of ctsp in sandan district, kampong thom province (ការធ្វើសារពើភណ្ឌ័សត្វព្រៃនៅក្នុងតំបន់សាលាព្រៃឈើរបស់សាកលវិទ្យាល័យភូមិន្ទកសិកម្មនិងតំបន់ចំការគ្រាបើពូជឈើរបស់គំរោងCTSPក្នុងស្រុកសណ្ដាន់ខេត្តកំពង់ធំ) (Record no. 3389)
[ view plain ]
| 000 -LEADER | |
|---|---|
| fixed length control field | 00933nam a22001577a 4500 |
| 003 - CONTROL NUMBER IDENTIFIER | |
| control field | OSt |
| 005 - DATE AND TIME OF LATEST TRANSACTION | |
| control field | 20151113104532.0 |
| 008 - FIXED-LENGTH DATA ELEMENTS--GENERAL INFORMATION | |
| fixed length control field | 151113b xxu||||| |||| 00| 0 eng d |
| 040 ## - CATALOGING SOURCE | |
| Transcribing agency | RUA |
| 082 ## - DEWEY DECIMAL CLASSIFICATION NUMBER | |
| Classification number | FOR MAO 2007 B133 Or.1 |
| 100 ## - MAIN ENTRY--PERSONAL NAME | |
| 9 (RLIN) | 3640 |
| Personal name | MAO, SEREYRITHY. |
| 245 ## - TITLE STATEMENT | |
| Title | Fauna inventory in school forest of royal university of agriculture and mother tree area of ctsp in sandan district, kampong thom province (ការធ្វើសារពើភណ្ឌ័សត្វព្រៃនៅក្នុងតំបន់សាលាព្រៃឈើរបស់សាកលវិទ្យាល័យភូមិន្ទកសិកម្មនិងតំបន់ចំការគ្រាបើពូជឈើរបស់គំរោងCTSPក្នុងស្រុកសណ្ដាន់ខេត្តកំពង់ធំ) |
| 260 ## - PUBLICATION, DISTRIBUTION, ETC. (IMPRINT) | |
| Place of publication, distribution, etc. | Phnom Penh |
| Name of publisher, distributor, etc. | RUA |
| Date of publication, distribution, etc. | 2007 |
| 300 ## - PHYSICAL DESCRIPTION | |
| Extent | xii, 60p. |
| Other physical details | ill. |
| Dimensions | 29cm. |
| 942 ## - ADDED ENTRY ELEMENTS (KOHA) | |
| Source of classification or shelving scheme | |
| Koha item type | FOR |
| Price effective from | Date last seen | Permanent Location | Not for loan | Date acquired | Source of classification or shelving scheme | Koha item type | Lost status | Withdrawn status | Date last checked out | Total Checkouts | Shelving location | Damaged status | Barcode | Current Location | Checked out | Full call number |
|---|---|---|---|---|---|---|---|---|---|---|---|---|---|---|---|---|
| 2015-11-13 | 2026-03-25 | Library Block B | 2015-11-13 | FOR | 2026-03-25 | 1 | B133 | RUA41673 | Library Block B | 2026-04-29 | FOR MAO 2007 B133 Or.1 | |||||
| 2015-11-13 | 2015-11-13 | Library Block B | 2015-11-13 | FOR | B133 | RUA41939 | Library Block B | FOR MAO 2007 B133 Or.2 | ||||||||
| 2015-11-13 | 2015-11-13 | Library Block B | 2015-11-13 | FOR | B133 | RUA41999 | Library Block B | FOR MAO 2007 B133 Or.3 | ||||||||
| 2015-11-13 | 2024-05-08 | Library Block B | 2015-11-13 | FOR | 2024-03-27 | 1 | B133 | RUA41613 | Library Block B | FOR MAO 2007 B133 Or.4 | ||||||
| 2015-11-13 | 2015-11-13 | Library Block B | 2015-11-13 | FOR | B133 | RUA41884 | Library Block B | FOR MAO 2007 B133 Or.5 | ||||||||
| 2015-11-13 | 2015-11-13 | Library Block B | 2015-11-13 | FOR | B133 | RUA41667 | Library Block B | FOR MAO 2007 B133 Or.6 |